| 000 | 01734nam a22004937a 4500 | ||
|---|---|---|---|
| 001 | 82 | ||
| 003 | FISKH | ||
| 005 | 20230222090056.0 | ||
| 008 | 230222b cb ||||| |||| 00| 0 eng d | ||
| 010 | _a 2014930718 | ||
| 020 | _a0385392737 | ||
| 020 | _a9780385392730 | ||
| 040 |
_aDLC _beng _erda _cDLC _dFISKH |
||
| 042 |
_apcc _alcac |
||
| 050 | 0 | 0 |
_aPZ5 _b.L7238 2015 |
| 082 | 0 | 0 |
_a813.54 _223 |
| 100 | _aCushman, Jean | ||
| 245 | 0 | 0 | _aWe help mommy |
| 264 | 1 |
_aRacine _bGolden Books _c1959 |
|
| 300 |
_a12 leaves of plates _billustrations ; _c21 cm. |
||
| 336 |
_atext _btxt _2rdacontent |
||
| 336 |
_astill image _bsti _2rdacontent |
||
| 337 |
_aunmediated _bn _2rdamedia |
||
| 338 |
_avolume _bnc _2rdacarrier |
||
| 505 | 0 | _aBaby Dear / by Esther Wilkin ; illustrated by Eloise Wilkin -- We help Mommy / by Jean Ushman ; illustrated by Eloise Wilkin -- Mommies : all about the work they do / by Margo Lundell ; illustrated by Paul Meisel. | |
| 521 | 8 |
_a500
_bLexile |
|
| 521 | 8 |
_aH _bRaz-Plus |
|
| 650 | 1 |
_aMothers _vFiction. |
|
| 650 | 1 |
_aMother and child _vFiction. |
|
| 650 | 1 |
_aBabies _vFiction. |
|
| 650 | 1 |
_aDolls _vFiction. |
|
| 650 | 1 |
_aChores _vFiction. |
|
| 650 | 1 |
_aOccupations _vFiction. |
|
| 700 | 2 |
_iContainer of (expression): _aWilkin, Esther, _d1903-1985. _tBaby Dear. |
|
| 700 | 2 |
_iContainer of (expression): _aUshman, Jean. _tWe help Mommy. |
|
| 700 | 2 |
_iContainer of (expression): _aLundell, Margo. _tMommies. |
|
| 700 | 1 |
_aWilkin, Eloise, _d1904-1987, _eillustrator. |
|
| 700 | 1 |
_aMeisel, Paul, _eillustrator. |
|
| 740 | 0 | 2 | _aBaby dear. |
| 740 | 0 | 2 | _aWe help mommy. |
| 740 | 0 | 2 | _aMommies, all about the work they do. |
| 906 |
_a7 _bcbc _corigres _d2 _encip _f20 _gy-gencatlg |
||
| 942 |
_2ddc _cBK _n0 |
||
| 999 |
_c82 _d82 |
||